000 00346nam a2200145Ia 4500
005 20251222151305.0
008 251222s9999||||xx |||||||||||||| ||spa||
020 _a8423412156
082 _a350/W15
100 _aWage, Jan L.
245 0 _aCómo perfeccionar a sus Vendedores:
250 _a1ra.ed
264 _bEdiciones Deusto
942 _cLIB
999 _c23128
_d23128